[Event "Harvest Home tournament"]
[Site "SchemingMind.com"]
[Date "2010.10.29"]
[Round "-"]
[White "lennart"]
[Black "Brerrabbit"]
[Result "0-1"]
[WhiteCountry "SWE"]
[BlackCountry "SCO"]
[WhiteElo "1543"]
[WhiteRD "57"]
[BlackElo "1520"]
[BlackRD "80"]
[GameID "265125"]

1. e4 e5 2. Nf3 Nc6 3. Nc3 Nf6 4. Bc4 d5 5. exd5 Nd4 6. Nxe5 Qd6 7. Nd3 c6 8. dxc6 bxc6 9. f3 Bf5 10. Ne2 Qc5
11. Nxd4 Qxd4 12. Qe2+ Be7 13. Ne5 Be6 14. Bxe6 fxe6 15. Nxc6 Qd6 16. Ne5 Nd7 17. f4 O-O 18. Nxd7 Qxd7 19. d3 Rac8 20. Be3 e5
21. fxe5 Bc5 22. Bf4 Rxf4 23. O-O-O Qe6 24. Kb1 Rb8 25. b3 a5 26. a4 Rxa4 27. Kc1 Ra1+ 28. Kd2 Bb4+ 29. c3 Ra2+
0-1

[Event "Harvest Home tournament"]
[Site "SchemingMind.com"]
[Date "2010.10.29"]
[Round "-"]
[White "Brerrabbit"]
[Black "lennart"]
[Result "0-1"]
[WhiteCountry "SCO"]
[BlackCountry "SWE"]
[WhiteElo "1460"]
[WhiteRD "82"]
[BlackElo "1529"]
[BlackRD "55"]
[GameID "265126"]

1. e4 e5 2. Nf3 d6 3. Nc3 Nf6 4. Bc4 Bg4 5. h3 Bxf3 6. Qxf3 Nbd7 7. d3 Qe7 8. Bg5 h6 9. Bxf6 Nxf6 10. O-O O-O-O
11. Qe3 Kb8 12. b4 d5 13. exd5 Qxb4 14. Nb5 b6 15. c3 Qc5 16. Qxe5 Bd6 17. Nxd6 Rxd6 18. d4 Qxc4 19. g4 Rxd5 20. Qe3 g5
21. Rfe1 h5 22. Qe7 Rd6 23. Re5 hxg4 24. Rxg5 gxh3 25. Kh2 Qxc3 26. Qxf7 Qxa1 27. d5 Qxa2 28. Qg7 Re8
0-1

[Event "Harvest Home tournament"]
[Site "SchemingMind.com"]
[Date "2010.11.02"]
[Round "-"]
[White "ampp"]
[Black "Brerrabbit"]
[Result "0-1"]
[WhiteCountry "POR"]
[BlackCountry "SCO"]
[WhiteElo "1212"]
[WhiteRD "61"]
[BlackElo "1520"]
[BlackRD "80"]
[GameID "265476"]

1. Nf3 g6 2. d4 Nf6 3. g3 Bg7 4. Bg2 b6 5. Ne5 Nc6 6. Bf4 O-O 7. Nxc6 dxc6 8. Bxc6 Rb8 9. Nc3 Bb7 10. Bxb7 Rxb7
11. Qd2 b5 12. Bh6 b4 13. Na4 Ne4 14. Qe3 Qd5 15. Bxg7 Kxg7 16. O-O-O Rd8 17. Nc5 Nxc5 18. dxc5 Qxa2 19. Qe4 Qa1#
0-1

[Event "Harvest Home tournament"]
[Site "SchemingMind.com"]
[Date "2010.11.01"]
[Round "-"]
[White "ampp"]
[Black "lennart"]
[Result "0-1"]
[WhiteCountry "POR"]
[BlackCountry "SWE"]
[WhiteElo "1212"]
[WhiteRD "61"]
[BlackElo "1543"]
[BlackRD "57"]
[GameID "265477"]

1. e4 e5 2. Nf3 d6 3. d3 Nf6 4. Be2 Nc6 5. O-O Be6 6. Nc3 a6 7. b3 Nd7 8. h3 Be7 9. Re1 O-O 10. a3 a5
11. Bd2 b6 12. b4 a4 13. b5 Nd4 14. Nxd4 exd4 15. Nd5 Bxd5 16. exd5 Nf6 17. c3 dxc3 18. Bxc3 Nxd5 19. Bb2 Bf6 20. Bxf6 Qxf6
21. Rc1 Ra5 22. d4 Raa8 23. Bc4 Nf4 24. Qf3 Qxd4 25. Re4 Qb2 26. Rce1 Ng6 27. h4 Ne5 28. Qf5 Nxc4 29. Rxc4 Qxa3
0-1

[Event "Harvest Home tournament"]
[Site "SchemingMind.com"]
[Date "2010.11.02"]
[Round "-"]
[White "Brerrabbit"]
[Black "ampp"]
[Result "0-1"]
[WhiteCountry "SCO"]
[BlackCountry "POR"]
[WhiteElo "1460"]
[WhiteRD "82"]
[BlackElo "1281"]
[BlackRD "53"]
[GameID "265478"]

1. e4 d6 2. Nf3 Nf6 3. Nc3 Nc6 4. Bb5 a6 5. Bxc6+ bxc6 6. d4 d5 7. e5 Ne4 8. Nxe4 dxe4 9. Ng5 Bf5 10. O-O h6
11. Nxf7 Kxf7 12. c3 e6 13. f3 exf3 14. Rxf3 Ke7 15. Qb3 Rb8 16. Qa3+ Ke8 17. Qxa6 Rb6 18. Qc4 Be4 19. Rf4 Bd5 20. Qd3 g5
21. Qg6+ Kd7 22. Rf3 Kc8 23. b3 Bxf3 24. gxf3 Qe7 25. a4 Rxb3 26. a5 Rxc3 27. f4 Qd7 28. a6 Qxd4+ 29. Kf1 Qd1+ 30. Kf2 Rf3+
0-1

[Event "Harvest Home tournament"]
[Site "SchemingMind.com"]
[Date "2010.11.02"]
[Round "-"]
[White "lennart"]
[Black "ampp"]
[Result "1-0"]
[WhiteCountry "SWE"]
[BlackCountry "POR"]
[WhiteElo "1543"]
[WhiteRD "57"]
[BlackElo "1212"]
[BlackRD "61"]
[GameID "265479"]

1. e4 d6 2. Bc4 Nf6 3. d3 g6 4. Nf3 Bg7 5. O-O O-O 6. Nc3 Nc6 7. a4 a6 8. b4 Nxb4 9. Rb1 e5 10. Rxb4 Re8
11. d4 exd4 12. Nd5 Nxd5 13. Bxd5 a5 14. Rb3 c6 15. Bc4 Rb8 16. Nxd4 c5 17. Nb5 Be5 18. Qd5 Be6 19. Qd3 Bxc4 20. Qxc4 Qh4
21. Rh3 Qf6 22. Rf3 Qe6 23. Qxe6 Rxe6 24. Nc7 Re7 25. Nd5 Rd7 26. Bd2 b6 27. Bg5 b5 28. Bf6 b4 29. Bxe5 dxe5 30. Nf6+
1-0

[Event "Harvest Home tournament"]
[Site "SchemingMind.com"]
[Date "2010.11.02"]
[Round "-"]
[White "Carl Lenox"]
[Black "Brerrabbit"]
[Result "1-0"]
[WhiteCountry "CAN"]
[BlackCountry "SCO"]
[WhiteElo "1375"]
[WhiteRD "74"]
[BlackElo "1434"]
[BlackRD "83"]
[GameID "265520"]

1. e4 e5 2. Nf3 Nc6 3. Bb5 a6 4. Ba4 b5 5. Bb3 Bc5 6. c3 Nf6 7. Ng5 d5 8. O-O Bg4 9. Qc2 Be6 10. Re1 Nxe4
11. Nxe4 dxe4 12. Qxe4 Qd6 13. Qh4 Bxb3 14. axb3 f6 15. Qh5+ g6 16. Qh6 Nd4 17. cxd4 Bxd4 18. Qg7 O-O-O 19. b4 Rdg8 20. Qf7 Qb6
21. Re2 f5 22. Na3 f4 23. Qd5 Rd8 24. Qe4 Rhf8 25. Qa8+ Kd7 26. Qe4 g5 27. Qxh7+ Kc8 28. Qh3+ Kb8 29. Qf3 Rg8 30. d3 g4
31. Qe4 g3 32. Bxf4 exf4 33. Qxf4 Rdf8 34. Qd2 gxf2+ 35. Kf1
1-0

[Event "Harvest Home tournament"]
[Site "SchemingMind.com"]
[Date "2010.11.02"]
[Round "-"]
[White "Carl Lenox"]
[Black "lennart"]
[Result "0-1"]
[WhiteCountry "CAN"]
[BlackCountry "SWE"]
[WhiteElo "1356"]
[WhiteRD "71"]
[BlackElo "1529"]
[BlackRD "55"]
[GameID "265521"]

1. e4 e5 2. Nf3 d6 3. d4 exd4 4. Nxd4 Nf6 5. Nc3 c5 6. Bb5+ Bd7 7. Bxd7+ Nbxd7 8. Nf5 Ne5 9. O-O g6 10. Ne3 Qb6
11. Ned5 Nxd5 12. Nxd5 Qd8 13. Be3 Bg7 14. Qe2 Qd7 15. c4 O-O 16. b4 b6 17. a3 Kh8 18. f4 Ng4 19. f5 Nxe3 20. Qxe3 Bd4
21. Rae1 Bxe3+ 22. Rxe3 Qa4 23. Nf6 cxb4 24. Ra1 b3 25. Nd7 b2 26. Rb1 Qxd7 27. Rxb2 Qa4
0-1

[Event "Harvest Home tournament"]
[Site "SchemingMind.com"]
[Date "2010.11.02"]
[Round "-"]
[White "Carl Lenox"]
[Black "ampp"]
[Result "1-0"]
[WhiteCountry "CAN"]
[BlackCountry "POR"]
[WhiteElo "1356"]
[WhiteRD "71"]
[BlackElo "1281"]
[BlackRD "53"]
[GameID "265522"]

1. e4 d6 2. d4 g6 3. d5 e5 4. Nf3 Bg7 5. Nc3 Nf6 6. Bd3 O-O 7. O-O Bg4 8. Bg5 Nbd7 9. h3 Bxf3 10. Qxf3 h6
11. Be3 Nc5 12. Bc4 a6 13. Rad1 b5 14. Be2 b4 15. Nb1 a5 16. Nd2 Qd7 17. b3 c6 18. Rfe1 cxd5 19. exd5 Rfe8 20. Nc4 e4
21. Qg3 a4 22. Nb6
1-0

[Event "Harvest Home tournament"]
[Site "SchemingMind.com"]
[Date "2010.11.02"]
[Round "-"]
[White "Brerrabbit"]
[Black "Carl Lenox"]
[Result "1-0"]
[WhiteCountry "SCO"]
[BlackCountry "CAN"]
[WhiteElo "1450"]
[WhiteRD "82"]
[BlackElo "1321"]
[BlackRD "70"]
[GameID "265523"]

1. e4 c5 2. d4 Nf6 3. Bd3 e6 4. Bg5 d5 5. dxc5 dxe4 6. Bb5+ Bd7 7. Qe2 Bxc5 8. Nc3 Qa5 9. Qc4 O-O 10. Qxc5 Rc8
11. Qd4 Nh5 12. g4 Nf6 13. Bxf6 Bxb5 14. Bxg7 Nc6 15. Qxe4 Nb4 16. Bf6 Bc6 17. Qf4 Nxc2+ 18. Kd1 Nxa1 19. Nf3 Re8 20. Kd2 b5
21. Qg5+ Kf8 22. Qg7#
1-0

[Event "Harvest Home tournament"]
[Site "SchemingMind.com"]
[Date "2010.11.02"]
[Round "-"]
[White "lennart"]
[Black "Carl Lenox"]
[Result "0-1"]
[WhiteCountry "SWE"]
[BlackCountry "CAN"]
[WhiteElo "1529"]
[WhiteRD "55"]
[BlackElo "1356"]
[BlackRD "71"]
[GameID "265524"]

1. e4 c5 2. Nf3 g6 3. Bc4 Nc6 4. O-O Bg7 5. c3 e6 6. Re1 Nge7 7. d3 d6 8. Nbd2 O-O 9. a3 Qd7 10. b4 b6
11. b5 Na5 12. d4 d5 13. exd5 Nxd5 14. Qc2 f5 15. Ne5 Qc7 16. Qa2 Nxc3 17. Bxe6+ Bxe6 18. Qxe6+ Kh8 19. Qd5 Nxd5 20. Bb2 a6
21. a4 Qe7 22. Nef3 Qd6 23. Ra3 Nb4 24. dxc5 bxc5 25. Bxg7+ Kxg7 26. g3 Nc2
0-1

[Event "Harvest Home tournament"]
[Site "SchemingMind.com"]
[Date "2010.11.02"]
[Round "-"]
[White "ampp"]
[Black "Carl Lenox"]
[Result "0-1"]
[WhiteCountry "POR"]
[BlackCountry "CAN"]
[WhiteElo "1281"]
[WhiteRD "53"]
[BlackElo "1356"]
[BlackRD "71"]
[GameID "265525"]

1. Nf3 Nf6 2. d4 c5 3. c3 d5 4. e3 e6 5. Bb5+ Nc6 6. Ne5 Qb6 7. Na3 Bd6 8. O-O O-O 9. Nxc6 bxc6 10. Bd3 Ba6
11. Bxa6 Qxa6 12. dxc5 Bxc5 13. b4 Bb6 14. Rb1 Ne4 15. Nc2 Nxc3
0-1

[Event "Harvest Home tournament"]
[Site "SchemingMind.com"]
[Date "2010.11.03"]
[Round "-"]
[White "Olli Ylönen"]
[Black "Brerrabbit"]
[Result "1-0"]
[WhiteCountry "FIN"]
[BlackCountry "SCO"]
[WhiteElo "1607"]
[WhiteRD "58"]
[BlackElo "1434"]
[BlackRD "83"]
[GameID "265642"]

1. Nc3 e5 2. Nf3 Nc6 3. d4 d5 4. dxe5 Bb4 5. Bd2 d4 6. Ne4 Bf5 7. Bxb4 Bxe4 8. Nxd4 Nxd4 9. Rc1 Ne7 10. Bxe7 Nxc2+
11. Rxc2 Qxe7 12. Rxc7 Qb4+ 13. Rc3 O-O 14. Qb3 Qxb3 15. axb3 Rfe8 16. f3 Bc6 17. e4 Rxe5 18. Bd3 a5 19. O-O a4 20. bxa4 Rxa4
21. Rc4 b5 22. Rxc6 g6 23. f4 Re8 24. Bxb5 Rb4 25. Rxg6+ Kf8 26. Rg8+ Kxg8 27. Bxe8 Rxb2 28. e5 Kf8 29. Bxf7 Kxf7 30. g3 Ke6
31. Rf2 Rb1+ 32. Kg2 Re1 33. Kh3 Kf5 34. g4+
1-0

[Event "Harvest Home tournament"]
[Site "SchemingMind.com"]
[Date "2010.11.08"]
[Round "-"]
[White "Olli Ylönen"]
[Black "Carl Lenox"]
[Result "1-0"]
[WhiteCountry "FIN"]
[BlackCountry "CAN"]
[WhiteElo "1570"]
[WhiteRD "57"]
[BlackElo "1321"]
[BlackRD "70"]
[GameID "265643"]

1. e4 c5 2. c3 Nf6 3. e5 Nd5 4. d4 cxd4 5. Nf3 Nc6 6. cxd4 d6 7. Bc4 Ndb4 8. Bb5 g6 9. O-O a6 10. Bxc6+ bxc6
11. Nc3 Bg7 12. a3 Nd5 13. Nxd5 O-O 14. Nc3 d5 15. Bg5 Qb6 16. Bxe7 Re8 17. Na4 Qc7 18. Bd6 Qd7 19. Nb6 Qb7 20. Nxa8 Qxa8
21. b4 a5 22. Qa4 Ba6 23. Qxa5 Qb7 24. Rfe1 Bd3 25. Qc5 Qd7 26. a4 Be4 27. b5 Bh6 28. Qxc6 Qe6 29. a5 Qg4 30. Qxe8+
1-0

[Event "Harvest Home tournament"]
[Site "SchemingMind.com"]
[Date "2010.11.03"]
[Round "-"]
[White "Olli Ylönen"]
[Black "lennart"]
[Result "1-0"]
[WhiteCountry "FIN"]
[BlackCountry "SWE"]
[WhiteElo "1559"]
[WhiteRD "59"]
[BlackElo "1529"]
[BlackRD "55"]
[GameID "265644"]

1. e4 e5 2. Nf3 d6 3. d4 exd4 4. Nxd4 Nf6 5. Nc3 Be7 6. g3 O-O 7. Bg2 c5 8. Nde2 Nc6 9. h3 Qb6 10. O-O Qa5
11. Nd5 Nxd5 12. exd5 Ne5 13. Bd2 Qb6 14. Nf4 Qxb2 15. Re1 Bf6 16. Nh5 Bd8 17. f4 Nc4 18. Qe2 Nxd2 19. Qxd2 c4 20. Rab1 Qa3
21. c3 Bb6+ 22. Kh1 Bf5 23. Rbd1 Bg6 24. g4 Ba5 25. Rc1 b5 26. f5 Bxh5 27. gxh5 b4 28. Re3 bxc3 29. Rexc3 Bxc3 30. Rxc3 Qc5
31. Rg3 Qb5 32. Qh6 g6 33. hxg6 Qb2 34. Qxh7#
1-0

[Event "Harvest Home tournament"]
[Site "SchemingMind.com"]
[Date "2010.11.04"]
[Round "-"]
[White "Olli Ylönen"]
[Black "ampp"]
[Result "1-0"]
[WhiteCountry "FIN"]
[BlackCountry "POR"]
[WhiteElo "1475"]
[WhiteRD "56"]
[BlackElo "1212"]
[BlackRD "61"]
[GameID "265645"]

1. Nf3 d5 2. g3 Nf6 3. Bg2 g6 4. O-O Nc6 5. d3 Bg7 6. Nbd2 O-O 7. e4 dxe4 8. dxe4 Bg4 9. h3 Be6 10. Re1 a6
11. Ng5 Qd7 12. Nxe6 Qxe6 13. c3 Rad8 14. Qc2 Ne5 15. Rd1 Nd3 16. Nb3 Ne5 17. Nc5 Qc6 18. Be3 Rxd1+ 19. Rxd1 Qb5 20. b3 b6
21. c4 Qb4 22. Nxa6 Qa5 23. Nxc7 Qa7 24. Nd5 Nxd5 25. exd5 Qd7 26. Bxb6 e6 27. dxe6 Qxe6 28. Bd4 f6 29. Bd5
1-0

[Event "Harvest Home tournament"]
[Site "SchemingMind.com"]
[Date "2010.11.03"]
[Round "-"]
[White "Brerrabbit"]
[Black "Olli Ylönen"]
[Result "0-1"]
[WhiteCountry "SCO"]
[BlackCountry "FIN"]
[WhiteElo "1450"]
[WhiteRD "82"]
[BlackElo "1570"]
[BlackRD "57"]
[GameID "265646"]

1. e4 e5 2. Nf3 Nf6 3. Nc3 Nc6 4. Nxe5 Nxe5 5. d4 Ng6 6. e5 Qe7 7. Bb5 Nxe5 8. Bg5 Nf3+ 9. Kf1 Nxg5 10. f3 a6
11. Bd3 d5 12. Kf2 g6 13. Re1 Ne6 14. Na4 Bh6 15. c4 O-O 16. Nc5 Ng4+ 17. fxg4 Qh4+ 18. Kg1 Nxd4 19. g3 Bxg4 20. gxh4 Bxd1
21. Rexd1 dxc4 22. Bxc4 Nc2 23. Rab1 Be3+ 24. Kg2 Bxc5 25. Rbc1 Ne3+ 26. Kf3 Nxd1 27. Rxd1 Rad8 28. Rg1 Bxg1
0-1

[Event "Harvest Home tournament"]
[Site "SchemingMind.com"]
[Date "2010.11.08"]
[Round "-"]
[White "Carl Lenox"]
[Black "Olli Ylönen"]
[Result "0-1"]
[WhiteCountry "CAN"]
[BlackCountry "FIN"]
[WhiteElo "1321"]
[WhiteRD "70"]
[BlackElo "1570"]
[BlackRD "57"]
[GameID "265647"]

1. e4 c6 2. d4 d5 3. Nc3 dxe4 4. Nxe4 Bf5 5. Ng3 Bg6 6. h4 h6 7. h5 Bh7 8. Nf3 Nd7 9. Bd3 Bxd3 10. Qxd3 e6
11. Bf4 Ngf6 12. O-O-O Be7 13. Rhe1 O-O 14. Qc4 Nd5 15. Bd2 Bg5 16. Ne4 N7b6 17. Qd3 Bxd2+ 18. Qxd2 f5 19. Ng3 Re8 20. Ne5 Na4
21. Qd3 Qb6 22. b3 Nac3 23. Rd2 Nxa2+ 24. Kb2 Red8 25. Kxa2 Nb4+
0-1

[Event "Harvest Home tournament"]
[Site "SchemingMind.com"]
[Date "2010.11.03"]
[Round "-"]
[White "lennart"]
[Black "Olli Ylönen"]
[Result "0-1"]
[WhiteCountry "SWE"]
[BlackCountry "FIN"]
[WhiteElo "1543"]
[WhiteRD "57"]
[BlackElo "1475"]
[BlackRD "56"]
[GameID "265648"]

1. e4 e5 2. Nf3 Nc6 3. d3 Nf6 4. Nc3 Be7 5. Be3 d5 6. exd5 Nxd5 7. Qe2 Nxc3 8. bxc3 Be6 9. c4 Bb4+ 10. Bd2 Bxd2+
11. Qxd2 Nd4 12. Nxe5 Qf6 13. Qe3 Nxc2+
0-1

[Event "Harvest Home tournament"]
[Site "SchemingMind.com"]
[Date "2010.11.03"]
[Round "-"]
[White "ampp"]
[Black "Olli Ylönen"]
[Result "0-1"]
[WhiteCountry "POR"]
[BlackCountry "FIN"]
[WhiteElo "1212"]
[WhiteRD "61"]
[BlackElo "1475"]
[BlackRD "56"]
[GameID "265649"]

1. e4 e5 2. Nf3 Nc6 3. Bb5 Nge7 4. O-O g6 5. Bxc6 Nxc6 6. d4 exd4 7. Nxd4 Bg7 8. Be3 Nxd4 9. Bxd4 Bxd4 10. Qxd4 O-O
11. Nc3 d6 12. Nd5 f5 13. exf5 Bxf5 14. c3 c6 15. Nf4 d5 16. h3 Qf6 17. Qb4 b6 18. c4 dxc4 19. Qxc4+ Kg7 20. g4 Bxg4
0-1

[Event "Harvest Home tournament"]
[Site "SchemingMind.com"]
[Date "2010.11.07"]
[Round "-"]
[White "mochiron"]
[Black "Brerrabbit"]
[Result "0-1"]
[WhiteCountry "JPN"]
[BlackCountry "SCO"]
[WhiteElo "1483"]
[WhiteRD "65"]
[BlackElo "1450"]
[BlackRD "82"]
[GameID "266270"]

1. b4 d5 2. Bb2 Nf6 3. b5 c6 4. a4 e5 5. Bxe5 Nbd7 6. Bxf6 Qxf6 7. d4 c5 8. Nf3 b6 9. Nc3 Bb7 10. e3 Bd6
11. Be2 O-O 12. O-O Rac8 13. dxc5 Rxc5 14. Qe1 Ne5 15. Nxe5 Qxe5 16. Bd3 Qxh2#
0-1

[Event "Harvest Home tournament"]
[Site "SchemingMind.com"]
[Date "2010.11.09"]
[Round "-"]
[White "mochiron"]
[Black "Carl Lenox"]
[Result "1-0"]
[WhiteCountry "JPN"]
[BlackCountry "CAN"]
[WhiteElo "1483"]
[WhiteRD "65"]
[BlackElo "1321"]
[BlackRD "70"]
[GameID "266271"]

1. c4 c6 2. Nc3 d5 3. e4 e6 4. exd5 cxd5 5. Nf3 d4 6. Ne4 Nc6 7. d3 g6 8. Bd2 Bg7 9. Be2 Nge7 10. h3 O-O
11. h4 e5 12. h5 Bf5 13. h6 Bxe4 14. hxg7 Re8 15. Ng5 Bxg2 16. Rxh7 Nf5 17. Nxf7 Qe7 18. Ng5 Nxg7 19. Bf3 Bh3 20. Rxh3 Rad8
21. Bd5+ Kf8 22. Rh8#
1-0

[Event "Harvest Home tournament"]
[Site "SchemingMind.com"]
[Date "2010.11.07"]
[Round "-"]
[White "mochiron"]
[Black "lennart"]
[Result "0-1"]
[WhiteCountry "JPN"]
[BlackCountry "SWE"]
[WhiteElo "1483"]
[WhiteRD "65"]
[BlackElo "1520"]
[BlackRD "55"]
[GameID "266272"]

1. f4 d5 2. Nf3 Nf6 3. e3 e6 4. Be2 Bd6 5. O-O O-O 6. d4 Nc6 7. Nc3 a6 8. a3 Ne4 9. Nxe4 dxe4 10. Ng5 f6
11. Nxe4 Be7 12. Ng3 b5 13. b4 a5 14. bxa5 Rxa5 15. f5 e5 16. dxe5 Qxd1 17. Rxd1 b4 18. a4 Nxe5 19. e4 Rc5 20. Bb2 Rxc2
21. Bxe5 fxe5 22. Rab1 c5 23. a5 c4 24. f6 Rxf6 25. Bf3 c3 26. Nf5 Bc5+ 27. Kh1 Kf7 28. Ne3 Bxe3 29. Re1 Bc5 30. a6 Bxa6
31. Rbd1 Kg6 32. h4 h5 33. Rd5 Bd4 34. Kh2 b3 35. Rxd4 exd4 36. e5 Rxf3 37. Kg1 Rg3
0-1

[Event "Harvest Home tournament"]
[Site "SchemingMind.com"]
[Date "2010.11.12"]
[Round "-"]
[White "mochiron"]
[Black "Olli Ylönen"]
[Result "0-1"]
[WhiteCountry "JPN"]
[BlackCountry "FIN"]
[WhiteElo "1470"]
[WhiteRD "66"]
[BlackElo "1607"]
[BlackRD "58"]
[GameID "266273"]

1. g3 d5 2. e3 e5 3. Bb5+ Bd7 4. Bxd7+ Qxd7 5. d4 e4 6. f3 Nf6 7. f4 Nc6 8. a3 Bd6 9. Bd2 O-O-O 10. Nc3 Qg4
11. Nce2 h5 12. Bc3 h4 13. Kd2 hxg3 14. Nxg3 Qxd1+ 15. Rxd1 Ng4 16. Rf1 Nxh2 17. Rxh2 Rxh2+ 18. Kc1 Rg2 19. Nf5 Bf8 20. Nh3 g6
21. Nh6 Bxh6 22. Nf2 Bg7 23. b4 a6 24. Nd1 Rh8 25. Rf2 Rxf2 26. Nxf2 Rh2 27. Nd1 b6 28. a4 a5 29. bxa5 Nxa5 30. Bxa5 bxa5
31. Nc3 c5 32. Nxd5 cxd4 33. exd4 Bxd4 34. Kb1 e3
0-1

[Event "Harvest Home tournament"]
[Site "SchemingMind.com"]
[Date "2010.11.08"]
[Round "-"]
[White "mochiron"]
[Black "ampp"]
[Result "1-0"]
[WhiteCountry "JPN"]
[BlackCountry "POR"]
[WhiteElo "1483"]
[WhiteRD "65"]
[BlackElo "1135"]
[BlackRD "44"]
[GameID "266274"]

1. b4 e5 2. Bb2 Nc6 3. b5 Nd4 4. e3 Nf5 5. Bxe5 d6 6. Bc3 b6 7. Nf3 Bb7 8. Be2 Be7 9. O-O Nf6 10. d3 O-O
11. Bxf6 Bxf6 12. c3 Rc8 13. d4 c6 14. Nbd2 c5 15. dxc5 dxc5 16. h3 Bxc3 17. Rc1 Nd6 18. Rxc3 Bxf3 19. Nxf3 Ne4 20. Rd3 Qe7
21. Nh2 c4 22. Rd7 Qe6 23. Bf3 c3 24. Bxe4 Qxe4 25. Rd4 Qe5 26. Nf3 Qe6 27. Qc2 Rc4 28. Ng5 Qh6 29. Rxc4
1-0

[Event "Harvest Home tournament"]
[Site "SchemingMind.com"]
[Date "2010.11.07"]
[Round "-"]
[White "Brerrabbit"]
[Black "mochiron"]
[Result "1-0"]
[WhiteCountry "SCO"]
[BlackCountry "JPN"]
[WhiteElo "1434"]
[WhiteRD "83"]
[BlackElo "1470"]
[BlackRD "66"]
[GameID "266275"]

1. e4 c6 2. Nf3 d5 3. e5 Bf5 4. Bd3 e6 5. Nc3 Bxd3 6. cxd3 Bb4 7. O-O Nh6 8. a3 Bxc3 9. bxc3 O-O 10. Rb1 Nf5
11. d4 Nd7 12. d3 h6 13. Rxb7 Rb8 14. Rxa7 f6 15. g4 fxe5 16. gxf5 Rxf5 17. dxe5 Nxe5 18. Nxe5 Rxe5 19. Bf4 Rg5+ 20. Bxg5 Qxg5+
21. Kh1 h5 22. Qf3 Rf8 23. Qg3 Qxg3 24. hxg3 Kh7 25. f4
1-0

[Event "Harvest Home tournament"]
[Site "SchemingMind.com"]
[Date "2010.11.09"]
[Round "-"]
[White "Carl Lenox"]
[Black "mochiron"]
[Result "0-1"]
[WhiteCountry "CAN"]
[BlackCountry "JPN"]
[WhiteElo "1321"]
[WhiteRD "70"]
[BlackElo "1483"]
[BlackRD "65"]
[GameID "266276"]

1. e4 b6 2. d4 Bb7 3. Nc3 e6 4. Be3 d5 5. e5 Bb4 6. Nf3 h6 7. Bd3 Bxc3+ 8. bxc3 Nc6 9. O-O Nge7 10. c4 dxc4
11. Bxc4 a6 12. Re1 O-O 13. Qd2 Ng6 14. Rad1 b5 15. Be2 Nce7 16. c3 Nf5 17. Qd3 Bxf3 18. Bxf3 Nxe3 19. Qxe3 f5 20. Bxa8 Qxa8
21. Qc1 Nh4 22. Re3 Qxg2#
0-1

[Event "Harvest Home tournament"]
[Site "SchemingMind.com"]
[Date "2010.11.07"]
[Round "-"]
[White "lennart"]
[Black "mochiron"]
[Result "1-0"]
[WhiteCountry "SWE"]
[BlackCountry "JPN"]
[WhiteElo "1529"]
[WhiteRD "55"]
[BlackElo "1465"]
[BlackRD "70"]
[GameID "266277"]

1. e4 c6 2. d4 d5 3. e5 Bf5 4. Bd3 e6 5. Bxf5 exf5 6. Nf3 h6 7. O-O Be7 8. Qd3 g6 9. c4 Bg5 10. c5 Bxc1
11. Rxc1 Nd7 12. Nbd2 Ne7 13. g3 g5 14. h3 g4 15. hxg4 fxg4 16. Nh4 Rg8 17. Re1 Ng6 18. e6 Nxh4 19. exd7+ Kxd7 20. gxh4 Qxh4
21. Qf5+ Kc7 22. Qxf7+
1-0

[Event "Harvest Home tournament"]
[Site "SchemingMind.com"]
[Date "2010.11.12"]
[Round "-"]
[White "Olli Ylönen"]
[Black "mochiron"]
[Result "1-0"]
[WhiteCountry "FIN"]
[BlackCountry "JPN"]
[WhiteElo "1640"]
[WhiteRD "55"]
[BlackElo "1458"]
[BlackRD "70"]
[GameID "266278"]

1. Nf3 c5 2. c4 Nc6 3. Nc3 e6 4. g3 d6 5. Bg2 Be7 6. O-O h5 7. h4 e5 8. e3 g5 9. hxg5 Bxg5 10. d3 h4
11. Nxh4 Bxh4 12. gxh4 Qxh4 13. f3 Bh3 14. Bxh3 Qxh3 15. Kf2 Qh2+ 16. Ke1 O-O-O 17. Qd2 Qh4+ 18. Qf2 Qe7 19. Nd5 Qf8 20. a3 Nge7
21. Nxe7+ Qxe7 22. e4 Nd4 23. b4 cxb4 24. axb4 b6 25. Be3 d5 26. Bxd4 exd4 27. Qxd4 Rh2 28. cxd5 Qh4+ 29. Kd1 Qf4 30. Rc1+ Kb7
31. Rc2 Rxc2 32. Kxc2 Rc8+ 33. Kb1 Qh2 34. Rc1 Rxc1+= 35. Kxc1 Qf4+ 36. Kc2 Qxf3 37. d6 Qe2+ 38. Kc3 Qe1+ 39. Kc4 Qc1+ 40. Kd5 Qc6+
41. Ke5 Qe8+ 42. Kf4 Qd7 43. b5 a6 44. Qd5+ Ka7 45. bxa6 Kxa6 46. e5 Qa4+ 47. Qc4+ Ka5 48. Qxa4+ Kxa4 49. d7
1-0

[Event "Harvest Home tournament"]
[Site "SchemingMind.com"]
[Date "2010.11.09"]
[Round "-"]
[White "ampp"]
[Black "mochiron"]
[Result "1-0"]
[WhiteCountry "POR"]
[BlackCountry "JPN"]
[WhiteElo "1135"]
[WhiteRD "44"]
[BlackElo "1483"]
[BlackRD "65"]
[GameID "266279"]

1. e4 a6 2. d4 e6 3. Nc3 Bb4 4. Bd2 Nf6 5. Bd3 Bxc3 6. Bxc3 O-O 7. Nf3 d5 8. exd5 exd5 9. O-O Ng4 10. h3 Qf6
11. Re1 Nxf2 12. Kxf2 Bf5 13. Bb4 Rd8 14. Bxf5 Qxf5 15. Re5 Qf6 16. Be7 Qg6 17. Bxd8 h6 18. Re8+ Kh7 19. Bxc7 a5 20. Bg3 Ra6
21. Ne5 Rf6+ 22. Kg1 Qxg3 23. Qg4 Qe3+ 24. Kh2 Qf4+ 25. Qxf4 Rxf4 26. Rxb8 Rxd4 27. Nxf7 Kg6 28. Rxb7 Rd2 29. Ne5+ Kf5 30. Nf3 Rxc2
31. Nd4+
1-0